Effective Small Business Management / Third Edition (Record no. 729)
[ view plain ]
| 000 -LEADER | |
|---|---|
| fixed length control field | 02541cam a22002294a 4500 |
| 005 - ΗΜΕΡΟΜΗΝΙΑ ΚΑΙ ΩΡΑ ΤΕΛΕΥΤΑΙΑΣ ΕΝΗΜΕΡΩΣΗΣ | |
| Πεδίο ελέγχου | 20250605163944.0 |
| 008 - FIXED-LENGTH DATA ELEMENTS--GENERAL INFORMATION | |
| Πεδίο ελέγχου σταθερού μήκους | 250528s ||||||||||||||||||||||||d |
| 035 ## - SYSTEM CONTROL NUMBER | |
| System control number | 15135 |
| 020 ## - ISBN | |
| ISBN | 155209183 |
| 040 ## - ΠΗΓΗ ΚΑΤΑΛΟΓΟΓΡΑΦΗΣΗΣ | |
| Φορέας πρωτότυπης καταλογογράφησης | MC Athens Campus Library |
| Γλώσσα καταλογογράφησης | Ελληνικά, Μοντέρνα (1453-) |
| Modifying agency | MC Athens Campus Library |
| Κανόνες περιγραφικής καταλογογράφησης | AACR2 |
| 245 1# - ΤΙΤΛΟΣ ΚΑΙ ΔΗΛΩΣΗ ΥΠΕΥΘΥΝΟΤΗΤΑΣ | |
| Τίτλος | Effective Small Business Management / Third Edition |
| 250 ## - EDITION STATEMENT | |
| Edition statement | 3rd |
| 260 ## - PUBLICATION, DISTRIBUTION, ETC. | |
| Name of publisher, distributor, etc. | Harcourt Brace Jovanovich, Publishers, |
| Date of publication, distribution, etc. | 1989 |
| 300 ## - PHYSICAL DESCRIPTION | |
| Extent | 592 |
| 505 0# - FORMATTED CONTENTS NOTE | |
| Formatted contents note | Preface, What is Small Business?, The Nature of Small Business, Failure and Success, The Successful Enterpreneur, Getting Into Small Business, Developing a Business Plan, Buying an Ongoing Small Business, Operating a Francise, Statrting a New Small Business, Start-Up Problems, Sources of Start-Up Capital, Determining Location and Layout, Selecting the Legal Form for an Organization, Managing Operations, Planning and Organizing, Staffing and Directing, Monitoring Performance, Marketing Goods and Services, Understanding the Market, Pricing and Advertising and Selling, Customer Credit, Finances and Inventory Control, Financial Statements and Record Keeping, Financial Analysis and Budgeting, Purchasing and Inventory Control, Current Issues in Small Business, Crime and Small Business, Computers in Small Business, Insurance Needs of Small Business, Legal Concerns of Small Business, Government Assistance to Small Business, Appendix: A Complete Business Plan, Glossary, Index. |
| 520 ## - SUMMARY, ETC. | |
| Summary, etc. | Preface, What is Small Business?, The Nature of Small Business, Failure and Success, The Successful Enterpreneur, Getting Into Small Business, Developing a Business Plan, Buying an Ongoing Small Business, Operating a Francise, Statrting a New Small Business, Start-Up Problems, Sources of Start-Up Capital, Determining Location and Layout, Selecting the Legal Form for an Organization, Managing Operations, Planning and Organizing, Staffing and Directing, Monitoring Performance, Marketing Goods and Services, Understanding the Market, Pricing and Advertising and Selling, Customer Credit, Finances and Inventory Control, Financial Statements and Record Keeping, Financial Analysis and Budgeting, Purchasing and Inventory Control, Current Issues in Small Business, Crime and Small Business, Computers in Small Business, Insurance Needs of Small Business, Legal Concerns of Small Business, Government Assistance to Small Business, Appendix: A Complete Business Plan, Glossary, Index. |
| 700 1# - ΠΡΟΣΘΕΤΗ ΑΝΑΓΡΑΦΗ--ΦΥΣΙΚΟ ΠΡΟΣΩΠΟ | |
| Personal name | Hodgetts Richard M |
| 9 (RLIN) | 970 |
| 700 1# - ΠΡΟΣΘΕΤΗ ΑΝΑΓΡΑΦΗ--ΦΥΣΙΚΟ ΠΡΟΣΩΠΟ | |
| Personal name | Kuratko F. Donald |
| 9 (RLIN) | 989 |
| 942 ## - ADDED ENTRY ELEMENTS (KOHA) | |
| Koha item type | Books |
| Τύπος τεκμηρίου | Βιβλιοθήκη | Τρέχουσα τοποθεσία | Barcode | Αριθμός εισαγωγής | Ημερομηνία απόκτησης | Ταξιθετικό σύμβολο | Αριθμός αντιτύπου | Κατάσταση απόσυρσης | Κατάσταση χαμένου | Κατάσταση κατεστραμμένου | Μη δανεισμός | Σύνολο δανεισμών | Ημερομηνία τελευταίας εμφάνισης | Η τιμή ισχύει από |
|---|---|---|---|---|---|---|---|---|---|---|---|---|---|---|
| Books | MC Athens Campus Library | MC Athens Campus Library | 9780000007285 | 1366 | 05/06/2025 | 658.022 HOD | 1 | 05/06/2025 | 05/06/2025 |